| 000 | 00508nam a2200169Ia 4500 | ||
|---|---|---|---|
| 999 |
_c15991 _d15991 |
||
| 003 | OSt | ||
| 005 | 20200606115839.0 | ||
| 008 | 190216s9999||||xx |||||||||||||| ||und|| | ||
| 040 | _cMESKC library | ||
| 082 |
_a370 _bPAD/S |
||
| 100 |
_aPatak, Udaykanth _9203 |
||
| 245 | 0 |
_aSarvapally Radhakrishnan Siksha Sasthreey Rajanayem / _cUdaykanth Patak |
|
| 260 |
_bRashtra Basha Samsthan, _aDelhi: _c2001. |
||
| 300 | _a160p | ||
| 650 | _aHindi | ||
| 942 |
_cBK _2ddc _h370 _iPAD/S _k370 _mPAD/S |
||